000
00360nam a2200145Ia 4500
008
100204s9999 xx 000 0 und d
082
_b
490
100
_a
मनोज
245
_a
अकेला
260
_b
मनोज पॉकेट बुक्स
300
_a
204
630
_a
अकेला
730
_a
अकेला
942
_c
BOOK
999
_c
445685
_d
445682